Aritmética y álgebra: para cuarto curso de Bachillerato y Magisterio
Gespeichert in:
| Hauptverfasser: | , |
|---|---|
| Format: | keine Angabe |
| Sprache: | Spanisch |
| Erschienen: |
Buenos Aires :
Kapelusz,
c1942, 1962
|
| Ausgabe: | 13a ed., |
| Katalog: | MANES: Suchergebnis im Bibliothekskatalog |
| Schulbuchspezifische Eigenschaften: |
|
| Tags: |
Tag hinzufügen
Keine Tags, Fügen Sie den ersten Tag hinzu!
|
| Hinzugefügt zu: | 26.04.2016 |
| Geändert in: | 07.05.2025 |
MARC
| LEADER | 000000000a22000000004500 | ||
|---|---|---|---|
| 001 | 36172 | ||
| 003 | OSt | ||
| 005 | 20250507125814.0 | ||
| 008 | 160427s ar ||||| |||| 00| 0 spa d | ||
| 040 | |a centro_manes |c bdocenteBA | ||
| 041 | |a Español | ||
| 100 | |a Repetto, Celina H. Profesora de enseñanza secundaria en matemáticas y física; doctora en Ciencias Físico-Matemáticas; catedrática en el Liceo Nacional de Señoritas Nº 3, en la Escuela Nacional de Comercio Nº 5 "José de San Martín", en la Escuela Normal "Sarmiento y en el Instituto Nacional del Profesorado Secundario; profesora adjunta de análisis matemático en la Facultad de Ciencias Exactas, Físicas y Naturales |9 18349 |e Autora | ||
| 245 | 1 | 0 | |a Aritmética y álgebra: para cuarto curso de Bachillerato y Magisterio |
| 250 | 1 | |a 13a ed., |b 4a reimpresión. | |
| 260 | 1 | |a Buenos Aires : |b Kapelusz, |c c1942, 1962 | |
| 300 | |a 359 p. ; |c 20 x 14 cm. | ||
| 500 | |a Signatura Topográfica: HTA 1962 REPa. |a Incluye ejercicios a ser resueltos por los estudiantes. | ||
| 546 | |a Argentina | ||
| 561 | |5 ar-DOCE |3 HTA 1962 REPa Ej. 1 (Sala A) |a Argentina. Biblioteca del Docente |k MANES | ||
| 690 | 0 | |a MATE | |
| 691 | 0 | |a SE | |
| 700 | |9 18348 |a Linskens, Marcela E. |e Autora |9 18224 |a Fesquet, Hilda B. |b Maestra Normal, Profesora de Enseñanza Secundaria en Matemáticas. | ||
| 942 | |2 ddc |c BK | ||
| 999 | |c 39744 |d 39744 | ||
| 999 | |c manes:39744 |d 39744 | ||